[Event "BL 1415 Bayern München - SV Mülheim N"]
[Site "?"]
[Date "2014.10.19"]
[Round "2.8"]
[White "Renner, Christoph"]
[Black "Dinstuhl, Volkmar"]
[Result "0-1"]
[WhiteElo "2375"]
[BlackElo "2411"]
[PlyCount "116"]
[EventDate "2014.??.??"]

1. d4 Nf6 2. Bf4 g6 3. e3 Bg7 4. Nf3 O-O 5. Be2 d6 6. c3 c5 7. O-O Qb6 8. Nbd2
Be6 9. Ng5 Bd7 10. Qb3 Nc6 11. h3 h6 12. Ngf3 Be6 13. Nc4 Qa6 14. dxc5 dxc5 15.
a4 Na5 16. Nxa5 Qxe2 17. Qb5 Qxb5 18. axb5 b6 19. Nc6 Bc4 20. Rfd1 Bxb5 21.
Nxa7 Be2 22. Re1 Bxf3 23. gxf3 Nd5 24. Bg3 Nxc3 25. e4 b5 26. e5 Na4 27. Nxb5
Nxb2 28. Rab1 Nd3 29. Re3 c4 30. Nc3 Rfb8 31. Rxb8+ Rxb8 32. Re4 e6 33. f4 Rc8
34. Kf1 Bf8 35. Ke2 Bb4 36. Na2 Ba5 37. Bh4 Kf8 38. Bf6 Nb4 39. Nxb4 Bxb4 40.
Kd1 Ba5 41. Kc2 Bb6 42. f3 Ke8 43. Bg7 h5 44. Kc3 Ba5+ 45. Kc2 c3 46. f5 exf5
47. Ra4 Rc5 48. Bf6 Rd5 49. f4 Kd7 50. Kb3 Rb5+ 51. Kc4 Kc6 52. Ra2 Rb4+ 53.
Kd3 Rb5 54. Kc4 Rc5+ 55. Kd3 Kd5 56. Rc2 Rc4 57. Ra2 Rd4+ 58. Ke3 Bb6 0-1

[Event "BL 1415 Schwäbisch Hall - SG Solingen"]
[Site "?"]
[Date "2014.10.19"]
[Round "2.4"]
[White "Laznicka, Viktor"]
[Black "Naumann, Alexander"]
[Result "1-0"]
[WhiteElo "2666"]
[BlackElo "2560"]
[PlyCount "61"]
[EventDate "2014.??.??"]

1. d4 Nf6 2. c4 g6 3. Nf3 Bg7 4. e3 O-O 5. Be2 d5 6. cxd5 Nxd5 7. O-O c5 8.
dxc5 Nf6 9. Nbd2 Qc7 10. Nb3 Rd8 11. Nfd4 e5 12. Nb5 Qe7 13. Nd6 Ne4 14. Nxc8
Rxc8 15. Bf3 Nxc5 16. Nxc5 Rxc5 17. Qa4 Rc7 18. Bd2 Na6 19. Ba5 Rcc8 20. Bd5
Nc5 21. Qa3 e4 22. f3 Kh8 23. fxe4 Rf8 24. Bb4 Rac8 25. Qxa7 Bxb2 26. Rab1 Be5
27. g3 Qc7 28. Ba3 Bxg3 29. Qxc5 Bxh2+ 30. Kh1 Qg3 31. Bb2+ 1-0

[Event "BL 1415 Schwäbisch Hall - SG Solingen"]
[Site "?"]
[Date "2014.10.19"]
[Round "2.5"]
[White "Handke, Florian"]
[Black "Inarkiev, Ernesto"]
[Result "0-1"]
[WhiteElo "2546"]
[BlackElo "2672"]
[PlyCount "120"]
[EventDate "2014.??.??"]

1. e4 e5 2. Nf3 Nc6 3. Bb5 a6 4. Ba4 Nf6 5. d3 b5 6. Bb3 Bc5 7. Be3 d6 8. a4
Bxe3 9. fxe3 b4 10. a5 O-O 11. Nbd2 Nb8 12. O-O Nbd7 13. Qe1 Rb8 14. Nh4 g6 15.
Qf2 Kg7 16. Qg3 Nc5 17. Bc4 Nh5 18. Qf2 Qe7 19. d4 Nd7 20. Nhf3 Nhf6 21. Qh4
Bb7 22. Rf2 Rbe8 23. Raf1 h6 24. dxe5 dxe5 25. Ne1 Qd6 26. Nd3 Re7 27. Rf3 g5
28. Rg3 Rh8 29. Bb3 Rh7 30. Qh3 Nxe4 31. Nc4 Qg6 32. Ncxe5 Nxe5 33. Nxe5 Rxe5
34. Rxf7+ Qxf7 35. Bxf7 Kxf7 36. Rf3+ Ke7 37. Rf1 Nd6 38. Qg3 Re4 39. h3 Rf7
40. Rd1 Rf5 41. Rd4 Rxa5 42. Qe1 c5 43. Rd1 Rb5 44. Qg3 Re6 45. b3 Be4 46. Rd2
c4 47. bxc4 Rc5 48. h4 Nxc4 49. Rf2 Nd6 50. hxg5 Rxg5 51. Qf4 Reg6 52. Qf8+ Ke6
53. Kf1 Rxg2 54. Qb8 Rg1+ 55. Ke2 Rc1 56. Qxb4 Rxc2+ 57. Ke1 Rg1+ 58. Rf1 Rc1+
59. Ke2 Rg2+ 60. Rf2 Rc2+ 0-1

[Event "BL 1415 Schwäbisch Hall - SG Solingen"]
[Site "?"]
[Date "2014.10.19"]
[Round "2.6"]
[White "Gharamian, Tigran"]
[Black "Appel, Ralf"]
[Result "1-0"]
[WhiteElo "2657"]
[BlackElo "2526"]
[PlyCount "71"]
[EventDate "2014.??.??"]

1. e4 Nf6 2. e5 Nd5 3. d4 d6 4. Nf3 Bg4 5. Be2 e6 6. c4 Nb6 7. h3 Bh5 8. exd6
cxd6 9. Nc3 Be7 10. d5 e5 11. g4 Bg6 12. h4 h6 13. c5 N6d7 14. cxd6 Bxd6 15. h5
Bh7 16. g5 e4 17. Nd2 e3 18. Nde4 exf2+ 19. Kxf2 Be5 20. gxh6 gxh6 21. Qa4 f5
22. Nd2 Qb6+ 23. Kf1 f4 24. Nc4 Qf6 25. Nxe5 Qxe5 26. Rh4 O-O 27. Bxf4 Nb6 28.
Rg4+ Kh8 29. Kg1 Qf6 30. Qb4 Na6 31. Qd6 Rae8 32. Bxh6 Qf2+ 33. Kh1 Rg8 34.
Rxg8+ Bxg8 35. Bg5 Rxe2 36. Qh6+ 1-0

[Event "BL 1415 Schwäbisch Hall - SG Solingen"]
[Site "?"]
[Date "2014.10.19"]
[Round "2.7"]
[White "Andersen, Mads"]
[Black "Wirig, Anthony"]
[Result "1-0"]
[WhiteElo "2485"]
[BlackElo "2490"]
[PlyCount "81"]
[EventDate "2014.??.??"]

1. d4 e6 2. c4 b6 3. e4 Bb7 4. Bd3 Bb4+ 5. Kf1 Be7 6. Nc3 d6 7. Nf3 Nd7 8. Be3
Bf6 9. h4 c5 10. Nb5 Qb8 11. Bf4 e5 12. dxe5 dxe5 13. Be3 a6 14. Nc3 Ne7 15.
Bc2 Bc6 16. Nd5 Bxd5 17. exd5 Nc8 18. Ng5 Nd6 19. b3 h6 20. Ne4 Nxe4 21. Bxe4
Qd6 22. g4 Rb8 23. Qf3 Be7 24. Kg2 h5 25. g5 g6 26. Qg3 b5 27. Rac1 bxc4 28.
Rxc4 O-O 29. Rhc1 Rfe8 30. b4 Rxb4 31. Rxb4 cxb4 32. Rc6 Qb8 33. Qf3 Bd6 34.
Rxa6 Rf8 35. Rc6 Kg7 36. Qe2 b3 37. axb3 f5 38. Qa6 Qb4 39. Rxd6 Qxe4+ 40. f3
Qc2+ 41. Bf2 1-0

[Event "BL 1415 Schwäbisch Hall - SG Solingen"]
[Site "?"]
[Date "2014.10.19"]
[Round "2.8"]
[White "Raykhman, Alexander"]
[Black "Wegerle, Joerg"]
[Result "0-1"]
[WhiteElo "2414"]
[BlackElo "2438"]
[PlyCount "76"]
[EventDate "2014.??.??"]

1. d4 e6 2. c4 Bb4+ 3. Bd2 Bxd2+ 4. Qxd2 Nf6 5. Nf3 O-O 6. Nc3 d6 7. g3 Nc6 8.
Bg2 e5 9. O-O Bg4 10. d5 Bxf3 11. exf3 Ne7 12. f4 exf4 13. Qxf4 Qd7 14. Rfe1
Rfe8 15. Qd4 a6 16. b4 a5 17. c5 axb4 18. Qxb4 dxc5 19. Qxc5 b6 20. Qc4 Ra5 21.
Rad1 Nc8 22. Rxe8+ Nxe8 23. Bf1 Ncd6 24. Qb4 Nf6 25. a4 Rc5 26. Qd4 h6 27. Be2
Qf5 28. Re1 Qc2 29. Nb5 Rxd5 30. Qe3 Nxb5 31. Bxb5 Qc5 32. Qf4 Qd6 33. Qf3 g6
34. Bc4 Re5 35. Rd1 Qe7 36. Kg2 Kg7 37. Rd4 Re4 38. Rxe4 Qxe4 0-1

[Event "BL 1415 SV Hockenheim - SF Katernberg"]
[Site "?"]
[Date "2014.10.19"]
[Round "2.1"]
[White "Volokitin, Andrei"]
[Black "Rapport, Richard"]
[Result "1/2-1/2"]
[WhiteElo "2642"]
[BlackElo "2720"]
[PlyCount "115"]
[EventDate "2014.??.??"]

1. e4 c5 2. Nf3 d6 3. d4 cxd4 4. Nxd4 Nf6 5. Nc3 Nc6 6. Bg5 e6 7. Qd2 a6 8.
O-O-O Bd7 9. f4 b5 10. Bxf6 gxf6 11. Nxc6 Bxc6 12. Qe3 Rb8 13. Kb1 Qb6 14. Qe1
Be7 15. f5 Qc5 16. fxe6 fxe6 17. Bd3 a5 18. Ne2 a4 19. c3 b4 20. cxb4 Qxb4 21.
Qxb4 Rxb4 22. a3 Rb7 23. Nd4 Bd7 24. Bc4 Kf7 25. Rhf1 Rhb8 26. Rf2 Rc7 27. Ba2
Rc5 28. Rf4 h5 29. g3 Re5 30. Rc1 Bd8 31. Nc6 Bxc6 32. Rxc6 Ke7 33. Rc4 Ra5 34.
Ka1 Bb6 35. Rb4 Ba7 36. Rxb8 Bxb8 37. Rh4 Ba7 38. g4 hxg4 39. Rh7+ Kf8 40. Bxe6
Bd4 41. Rf7+ Ke8 42. Rg7 f5 43. Rg8+ Ke7 44. exf5 Rb5 45. Rxg4 Bxb2+ 46. Kb1
Bxa3+ 47. Ka2 Bc1 48. Rc4 Bd2 49. Rxa4 Ra5 50. Rxa5 Bxa5 51. Kb3 Be1 52. Kc4
Kf6 53. Kd5 Kg7 54. Kxd6 Bh4 55. Ke5 Bf6+ 56. Kf4 Kh8 57. Kg4 Ba1 58. Kg5
1/2-1/2

[Event "BL 1415 SV Hockenheim - SF Katernberg"]
[Site "?"]
[Date "2014.10.19"]
[Round "2.3"]
[White "Firman, Nazar"]
[Black "Baramidze, David"]
[Result "1-0"]
[WhiteElo "2458"]
[BlackElo "2605"]
[PlyCount "71"]
[EventDate "2014.??.??"]

1. e4 e5 2. Nf3 Nc6 3. Bb5 a6 4. Ba4 Nf6 5. O-O Be7 6. Re1 b5 7. Bb3 d6 8. c3
O-O 9. h3 Nb8 10. d4 Nbd7 11. Nbd2 Bb7 12. Bc2 Re8 13. Nf1 Bf8 14. Ng3 g6 15.
a4 c5 16. d5 c4 17. Bg5 h6 18. Be3 Nc5 19. Qd2 h5 20. Bxc5 dxc5 21. Nf1 Re7 22.
Qg5 Nd7 23. axb5 axb5 24. Rxa8 Bxa8 25. Ra1 Bb7 26. g4 hxg4 27. hxg4 Qb6 28.
Ne3 Re8 29. Kg2 Bg7 30. Qh4 Kf8 31. g5 Rb8 32. Qh7 Qc7 33. Ng4 Qd6 34. Ra7 Qb6
35. Nh6 Bxh6 36. Nxe5 1-0

[Event "BL 1415 SV Hockenheim - SF Katernberg"]
[Site "?"]
[Date "2014.10.19"]
[Round "2.4"]
[White "Buhmann, Rainer"]
[Black "Trent, Lawrence"]
[Result "1-0"]
[WhiteElo "2597"]
[BlackElo "2473"]
[PlyCount "81"]
[EventDate "2014.??.??"]

1. d4 Nf6 2. c4 g6 3. Nc3 Bg7 4. e4 d6 5. Be2 O-O 6. Nf3 e5 7. O-O Nbd7 8. Re1
Re8 9. Bf1 exd4 10. Nxd4 a6 11. Bf4 Nh5 12. Be3 Nc5 13. Qc2 Ne6 14. Nde2 Bd7
15. Rad1 b5 16. cxb5 axb5 17. a3 Qb8 18. Nd5 Nf6 19. Nxf6+ Bxf6 20. Nc3 Bg7 21.
Nd5 c5 22. f3 Bc6 23. Qf2 Qb7 24. h4 f5 25. h5 Bxd5 26. Rxd5 f4 27. Bc1 Bd4 28.
Rxd4 cxd4 29. g3 Re7 30. gxf4 Rf8 31. Qg3 Ng7 32. hxg6 Rf6 33. f5 Nxf5 34. exf5
Rxe1 35. gxh7+ Kxh7 36. Qxe1 Qg7+ 37. Kf2 Kh8 38. Qe8+ Kh7 39. Bxb5 d5 40. Qh5+
Kg8 41. Qg4 1-0

[Event "BL 1415 SV Hockenheim - SF Katernberg"]
[Site "?"]
[Date "2014.10.19"]
[Round "2.5"]
[White "Siebrecht, Sebastian"]
[Black "Banusz, Tamas"]
[Result "0-1"]
[WhiteElo "2463"]
[BlackElo "2595"]
[PlyCount "50"]
[EventDate "2014.??.??"]

1. c4 Nf6 2. Nc3 e5 3. Nf3 Nc6 4. e3 Bb4 5. Qc2 Bxc3 6. Qxc3 Qe7 7. Be2 d5 8.
O-O d4 9. exd4 exd4 10. Qa3 Qxa3 11. bxa3 Bg4 12. d3 O-O-O 13. Re1 Nd7 14. h3
Bxf3 15. Bxf3 Nc5 16. Rd1 Rhe8 17. Kf1 Na4 18. Bf4 Ne5 19. Be2 Re7 20. Bg5 f6
21. Bd2 Rde8 22. Rab1 f5 23. Rb4 Nc3 24. Bxc3 dxc3 25. Rb3 Nc6 0-1

[Event "BL 1415 SV Hockenheim - SF Katernberg"]
[Site "?"]
[Date "2014.10.19"]
[Round "2.6"]
[White "Brunello, Sabino"]
[Black "Scholz, Christian Dr"]
[Result "0-1"]
[WhiteElo "2552"]
[BlackElo "2344"]
[PlyCount "82"]
[EventDate "2014.??.??"]

1. d4 Nf6 2. c4 g6 3. g3 Bg7 4. Bg2 O-O 5. Nc3 d6 6. Nf3 Nc6 7. O-O Rb8 8. h3
a6 9. e4 e5 10. d5 Ne7 11. b4 Nd7 12. a4 b6 13. Ba3 h6 14. Rc1 f5 15. exf5 gxf5
16. Nh4 Qe8 17. f4 Ng6 18. Nxg6 Qxg6 19. Kh2 h5 20. Ne2 h4 21. Rc3 Qh6 22. Bc1
e4 23. Ra3 Nf6 24. gxh4 Qxh4 25. Qe1 Qxe1 26. Rxe1 b5 27. Nd4 bxc4 28. Nc6 Bd7
29. Nxb8 Rxb8 30. b5 axb5 31. axb5 Nxd5 32. Rg3 Kf7 33. Bf1 Bxb5 34. Rg5 Ne7
35. Be2 Bf6 36. Rh5 c3 37. Bd1 d5 38. Rg1 Bd3 39. Rh6 Rb2+ 40. Rg2 Rxg2+ 41.
Kxg2 Kg7 0-1

[Event "BL 1415 SV Hockenheim - SF Katernberg"]
[Site "?"]
[Date "2014.10.19"]
[Round "2.7"]
[White "Thesing, Matthias"]
[Black "Ribli, Zoltan"]
[Result "1/2-1/2"]
[WhiteElo "2308"]
[BlackElo "2560"]
[PlyCount "78"]
[EventDate "2014.??.??"]

1. e4 c5 2. Nc3 Nc6 3. Bb5 Nd4 4. Nf3 Nxb5 5. Nxb5 d6 6. d4 Nf6 7. Nc3 cxd4 8.
Qxd4 e5 9. Qa4+ Bd7 10. Qb3 Bc6 11. Bg5 Be7 12. Bxf6 Bxf6 13. Rd1 O-O 14. O-O
Qc7 15. Nd5 Bxd5 16. Rxd5 Rac8 17. c3 Rfd8 18. Rfd1 g6 19. Ne1 Kg7 20. Nc2 Bg5
21. Nb4 h5 22. Rb5 Rd7 23. Nd5 Qc6 24. Rb4 h4 25. Qa4 Qxa4 26. Rxa4 b6 27. Kf1
f5 28. exf5 gxf5 29. f4 exf4 30. Nxf4 Re8 31. Re1 Re5 32. Ne6+ Kf6 33. Nxg5
Kxg5 34. Rd4 Rde7 35. Red1 Re2 36. R4d2 R2e4 37. Rd4 Re2 38. R4d2 R2e4 39. Rd4
Re2 1/2-1/2

[Event "BL 1415 SV Hockenheim - SF Katernberg"]
[Site "?"]
[Date "2014.10.19"]
[Round "2.8"]
[White "Paehtz, Elisabeth"]
[Black "Heinz, Timothee"]
[Result "1/2-1/2"]
[WhiteElo "2477"]
[BlackElo "2330"]
[PlyCount "91"]
[EventDate "2014.??.??"]

1. Nf3 Nf6 2. c4 e6 3. g3 d5 4. b3 Be7 5. Bb2 O-O 6. Bg2 b6 7. O-O Bb7 8. e3
Nbd7 9. Nc3 c5 10. Rc1 Rc8 11. d3 Qc7 12. Qe2 Qb8 13. Rfd1 Rfd8 14. cxd5 Nxd5
15. Ne4 N5f6 16. Ned2 Qa8 17. Nc4 Nb8 18. Nce5 Nbd7 19. Bh3 h6 20. e4 Nf8 21.
Qe3 Qb8 22. Nc4 N6d7 23. a4 Ng6 24. Ne1 Nge5 25. f4 Nxc4 26. bxc4 Bf6 27. e5
Be7 28. Nf3 Qa8 29. Rf1 Nf8 30. Bg2 Rc7 31. h4 Rcd7 32. Rc3 f5 33. h5 g6 34.
hxg6 Nxg6 35. Kf2 Bf8 36. Ra3 Bc6 37. Rg1 Bg7 38. Bf1 Bxf3 39. Qxf3 Qxf3+ 40.
Kxf3 Ne7 41. a5 Nc6 42. axb6 axb6 43. Bc3 Nb4 44. Bxb4 cxb4 45. Ra6 Bf8 46. Rh1
1/2-1/2

[Event "BL 1415 SG Turm Trier - Hansa Dortmund"]
[Site "?"]
[Date "2014.10.19"]
[Round "2.1"]
[White "Donchenko, Alexander"]
[Black "Erdos, Viktor"]
[Result "1/2-1/2"]
[WhiteElo "2501"]
[BlackElo "2621"]
[PlyCount "40"]
[EventDate "2014.??.??"]

1. Nf3 c5 2. c4 Nf6 3. Nc3 d5 4. cxd5 Nxd5 5. g3 g6 6. Bg2 Nc6 7. O-O Bg7 8.
Nxd5 Qxd5 9. d3 O-O 10. Be3 Bxb2 11. Rb1 Bf6 12. Qa4 Qd7 13. Bxc5 b6 14. Bxb6
Nd4 15. Qd1 axb6 16. Nxd4 Rxa2 17. Qb3 Rd2 18. Qb4 Ra2 19. Qb3 Rd2 20. Qb4 Ra2
1/2-1/2

[Event "BL 1415 SG Turm Trier - Hansa Dortmund"]
[Site "?"]
[Date "2014.10.19"]
[Round "2.2"]
[White "Lupulescu, Constantin"]
[Black "Henrichs, Thomas"]
[Result "1-0"]
[WhiteElo "2630"]
[BlackElo "2492"]
[PlyCount "51"]
[EventDate "2014.??.??"]

1. d4 Nf6 2. c4 e6 3. Nf3 Bb4+ 4. Nbd2 b6 5. a3 Bxd2+ 6. Qxd2 Bb7 7. e3 O-O 8.
Be2 d6 9. O-O Nbd7 10. b4 Ne4 11. Qc2 f5 12. Bb2 Rf6 13. d5 Rg6 14. Nd4 Nf8 15.
g3 exd5 16. Nxf5 Qg5 17. Nd4 c5 18. Nf3 Qe7 19. Rad1 dxc4 20. Bxc4+ Kh8 21. Bd5
Bxd5 22. Rxd5 Re6 23. Nh4 Qb7 24. Rfd1 Nd7 25. bxc5 Ndxc5 26. Nf5 1-0

[Event "BL 1415 SG Turm Trier - Hansa Dortmund"]
[Site "?"]
[Date "2014.10.19"]
[Round "2.3"]
[White "Markus, Robert"]
[Black "Howell, David W L"]
[Result "1/2-1/2"]
[WhiteElo "2604"]
[BlackElo "2657"]
[PlyCount "68"]
[EventDate "2014.??.??"]

1. d4 Nf6 2. c4 g6 3. Nf3 Bg7 4. g3 c6 5. Nc3 d5 6. cxd5 cxd5 7. Ne5 O-O 8. Bg2
e6 9. O-O Nfd7 10. f4 Nc6 11. Be3 Nb6 12. b3 Bd7 13. Qd2 Ne7 14. Bf2 Bc6 15.
Rac1 Rc8 16. Rc2 Nf5 17. Rfc1 Nd6 18. a4 Nd7 19. Na2 Nb8 20. Nb4 Bd7 21. Nbd3
b6 22. Nxd7 Qxd7 23. Ne5 Rxc2 24. Rxc2 Qb7 25. Qc1 Rc8 26. Rxc8+ Qxc8 27. Qxc8+
Nxc8 28. e3 Nd6 29. Be1 f6 30. Nd3 Nc6 31. g4 Kf7 32. Kf1 Bf8 33. Ke2 f5 34. g5
a5 1/2-1/2

[Event "BL 1415 SG Turm Trier - Hansa Dortmund"]
[Site "?"]
[Date "2014.10.19"]
[Round "2.4"]
[White "Graf, Felix"]
[Black "Heberla, Bartlomiej"]
[Result "1-0"]
[WhiteElo "2488"]
[BlackElo "2567"]
[PlyCount "109"]
[EventDate "2014.??.??"]

1. d4 Nf6 2. Nc3 d5 3. Bg5 Nbd7 4. Qd3 c6 5. e4 dxe4 6. Nxe4 Nxe4 7. Qxe4 Qb6
8. b3 Nf6 9. Qd3 g6 10. Bxf6 exf6 11. Qe3+ Be7 12. Bc4 Qa5+ 13. Kf1 b5 14. Bd3
Be6 15. Ne2 O-O 16. h4 Rfe8 17. h5 g5 18. h6 Bf8 19. Qf3 Qd2 20. Ng3 f5 21. Rd1
Qf4 22. Qxc6 Qxd4 23. Qf3 Rad8 24. Nxf5 Qf6 25. Ne3 Qxf3 26. gxf3 b4 27. Ng4
Bxg4 28. fxg4 Rd6 29. Rh5 Kh8 30. Rxg5 Rxh6 31. Kg2 Bd6 32. Rd5 Bc7 33. Rd7 Bb6
34. Rxf7 Rg8 35. Bf5 Rg7 36. Rf8+ Rg8 37. Rf7 Rg7 38. Rdd7 Rxf7 39. Rxf7 Kg8
40. Rd7 Rh4 41. Rd1 Rh6 42. Rd7 Rh4 43. g5 Kf8 44. Kg3 Rh1 45. Bh3 Rg1+ 46. Bg2
Kg8 47. Kh2 Rc1 48. Bd5+ Kf8 49. Rxh7 Rxc2 50. Rf7+ Ke8 51. g6 Bxf2 52. g7 Bd4+
53. Kg3 Bxg7 54. Rxg7 Rxa2 55. Kf4 1-0

[Event "BL 1415 SG Turm Trier - Hansa Dortmund"]
[Site "?"]
[Date "2014.10.19"]
[Round "2.5"]
[White "Hera, Imre Jr"]
[Black "Bobras, Piotr"]
[Result "1-0"]
[WhiteElo "2576"]
[BlackElo "2535"]
[PlyCount "67"]
[EventDate "2014.??.??"]

1. d4 d5 2. c4 c6 3. Nc3 Nf6 4. cxd5 cxd5 5. Bf4 Nc6 6. e3 a6 7. Be2 Bf5 8. Nf3
e6 9. Qb3 Bd6 10. Bxd6 Qxd6 11. Qxb7 O-O 12. Qb3 Rfb8 13. Qa3 Qxa3 14. bxa3 Na7
15. a4 Nc6 16. O-O Rb2 17. Rfc1 Nb4 18. a3 Nd3 19. Bxd3 Bxd3 20. Ne5 Bf5 21. a5
g5 22. Na4 Rb5 23. Nb6 Rb8 24. a4 Rb2 25. Rc7 Bg6 26. Ra7 g4 27. Rxa6 Ne4 28.
Nxg4 h5 29. Ne5 Nxf2 30. Nxg6 fxg6 31. Ra8 Rxa8 32. Nxa8 Ng4 33. a6 Nxe3 34.
Nc7 1-0

[Event "BL 1415 SG Turm Trier - Hansa Dortmund"]
[Site "?"]
[Date "2014.10.19"]
[Round "2.6"]
[White "Cyborowski, Lukasz"]
[Black "Korpa, Bence"]
[Result "1/2-1/2"]
[WhiteElo "2510"]
[BlackElo "2426"]
[PlyCount "47"]
[EventDate "2014.??.??"]

1. Nf3 Nf6 2. c4 e6 3. Nc3 d5 4. d4 dxc4 5. e4 Bb4 6. Bg5 h6 7. Bxf6 Qxf6 8.
Bxc4 O-O 9. O-O c5 10. e5 Qd8 11. a3 cxd4 12. axb4 dxc3 13. bxc3 Qc7 14. Qe2 b6
15. Nd4 Nc6 16. Nxc6 Qxc6 17. b5 Qc7 18. Bd3 Bb7 19. c4 Rfd8 20. Rfd1 a5 21.
bxa6 Rxa6 22. Rxa6 Bxa6 23. Ra1 Bb7 24. Qe3 1/2-1/2

[Event "BL 1415 SG Turm Trier - Hansa Dortmund"]
[Site "?"]
[Date "2014.10.19"]
[Round "2.7"]
[White "Schmittdiel, Eckhard"]
[Black "Parligras, Mircea-Emilian"]
[Result "0-1"]
[WhiteElo "2441"]
[BlackElo "2589"]
[PlyCount "60"]
[EventDate "2014.??.??"]

1. c4 Nf6 2. Nf3 e6 3. g3 d5 4. Bg2 d4 5. e3 c5 6. O-O Nc6 7. exd4 cxd4 8. Re1
Bd6 9. d3 h6 10. Na3 O-O 11. Nc2 a5 12. Bd2 e5 13. a3 Bf5 14. Qe2 Re8 15. Qf1
a4 16. Bb4 e4 17. Nh4 Bh7 18. dxe4 Nxe4 19. Rad1 Qf6 20. Bxd6 Qxd6 21. g4 Nf6
22. Bxc6 Rxe1 23. Rxe1 bxc6 24. Nf5 Bxf5 25. gxf5 c5 26. Re2 Rb8 27. Ne1 Rb3
28. Qg2 Qa6 29. Rc2 d3 30. Rd2 Qxc4 0-1

[Event "BL 1415 SG Turm Trier - Hansa Dortmund"]
[Site "?"]
[Date "2014.10.19"]
[Round "2.8"]
[White "Gonda, Laszlo"]
[Black "Wegener, Olaf"]
[Result "1/2-1/2"]
[WhiteElo "2540"]
[BlackElo "2441"]
[PlyCount "92"]
[EventDate "2014.??.??"]

1. Nf3 Nf6 2. c4 e6 3. g3 d5 4. Bg2 dxc4 5. Qa4+ Nbd7 6. Qxc4 c5 7. d3 Bd6 8.
a4 O-O 9. Nc3 a6 10. a5 Bc7 11. Qa2 h6 12. O-O Qe7 13. Nd2 Ne5 14. Nc4 Rd8 15.
Nxe5 Bxe5 16. Bd2 Bxc3 17. Bxc3 e5 18. Rac1 Be6 19. Qa3 Bd5 20. f3 Rac8 21. Be1
Nd7 22. Bf2 Rc6 23. e4 Be6 24. d4 exd4 25. Bxd4 Qd6 26. Be3 Ne5 27. Bxc5 Qd2
28. Be3 Qe2 29. Rce1 Qb5 30. Rf2 Nc4 31. Qa1 Qb3 32. Ba7 Rcd6 33. Rff1 Rd2 34.
Bf2 Ne5 35. Re3 Qb5 36. Rc3 Nd3 37. Bb6 Rd7 38. Rb1 Qh5 39. h4 Nb4 40. Qa3 Nc6
41. Be3 Rd1+ 42. Rxd1 Rxd1+ 43. Kf2 Qxa5 44. Qxa5 Nxa5 45. Rc1 Rd3 46. Bf1 Rb3
1/2-1/2

[Event "BL 1415 SV Mülheim Nord - Werder Breme"]
[Site "?"]
[Date "2014.11.08"]
[Round "3.2"]
[White "Landa, Konstantin"]
[Black "Edouard, Romain"]
[Result "1/2-1/2"]
[WhiteElo "2647"]
[BlackElo "2659"]
[PlyCount "40"]
[EventDate "2014.??.??"]

1. d4 d5 2. Nf3 Nf6 3. c4 dxc4 4. e3 e6 5. Bxc4 c5 6. O-O a6 7. Nc3 b5 8. Be2
Bb7 9. dxc5 Bxc5 10. Qxd8+ Kxd8 11. Nd2 Bd6 12. a4 b4 13. Ncb1 a5 14. Nc4 Bc7
15. Nbd2 Ke7 16. Nb3 Rc8 17. Bd2 Ne4 18. Rfc1 Nxd2 19. Ncxd2 Nd7 20. Bb5 Bd5
1/2-1/2

[Event "BL 1415 SV Mülheim Nord - Werder Breme"]
[Site "?"]
[Date "2014.11.08"]
[Round "3.3"]
[White "Efimenko, Zahar"]
[Black "Fridman, Daniel"]
[Result "1-0"]
[WhiteElo "2649"]
[BlackElo "2635"]
[PlyCount "97"]
[EventDate "2014.??.??"]

1. e4 e6 2. d4 d5 3. e5 c5 4. c3 Nc6 5. Nf3 Qb6 6. Na3 cxd4 7. cxd4 Bd7 8. Nc2
Nb4 9. Ne3 Bb5 10. a3 Nc6 11. Be2 a6 12. Bxb5 Qxb5 13. Bd2 a5 14. Bc3 Nge7 15.
Ng1 Ng6 16. Ne2 f6 17. exf6 gxf6 18. O-O Bh6 19. Ng4 Bg7 20. f4 O-O 21. Ng3 f5
22. Ne5 Ngxe5 23. fxe5 Qb6 24. Kh1 Kh8 25. Nh5 Rg8 26. Rf3 Nd8 27. g4 fxg4 28.
Rf4 Qc7 29. Rxg4 Qf7 30. Rf4 Qg6 31. Qf3 Nc6 32. Rg1 Qxg1+ 33. Kxg1 Bxe5+ 34.
Ng3 Bxf4 35. Qxf4 Raf8 36. Qh6 Re8 37. Qf6+ Rg7 38. Kf1 Kg8 39. Ke1 e5 40. Kd1
Rg6 41. Qf5 b5 42. dxe5 d4 43. Bd2 Rxe5 44. Qc8+ Kf7 45. Bf4 Rd5 46. Qh8 h5 47.
Nxh5 Ne7 48. Qh7+ Ke8 49. Qxg6+ 1-0

[Event "BL 1415 SV Mülheim Nord - Werder Breme"]
[Site "?"]
[Date "2014.11.08"]
[Round "3.4"]
[White "Potkin, Vladimir"]
[Black "Nyback, Tomi"]
[Result "1/2-1/2"]
[WhiteElo "2610"]
[BlackElo "2603"]
[PlyCount "92"]
[EventDate "2014.??.??"]

1. d4 d5 2. c4 c6 3. Nc3 Nf6 4. e3 a6 5. Nf3 Bf5 6. Ne5 Nbd7 7. Qb3 Qc7 8. cxd5
Nxe5 9. dxe5 Nxd5 10. Bc4 e6 11. e4 Nxc3 12. exf5 Qxe5+ 13. Be3 Nd5 14. Bxd5
Qxd5 15. Qxb7 c5 16. Qb6 Be7 17. O-O O-O 18. fxe6 Qxe6 19. Qxe6 fxe6 20. Rac1
Rfb8 21. b3 Rb5 22. Rc4 a5 23. Rfc1 a4 24. Rxa4 Rxa4 25. bxa4 Rb2 26. a3 Ra2
27. Kf1 Rxa3 28. Rc4 e5 29. g3 Kf7 30. Bxc5 Bxc5 31. Rxc5 Rxa4 32. Rxe5 Kf6 33.
Rh5 h6 34. Kg2 Ra6 35. f4 Kg6 36. Rd5 Ra2+ 37. Kh3 h5 38. Rg5+ Kh6 39. g4 hxg4+
40. Rxg4 Ra3+ 41. Rg3 Ra4 42. Rg4 Ra3+ 43. Kg2 Ra2+ 44. Kh3 Ra3+ 45. Rg3 Ra4
46. Kg4 g5 1/2-1/2

[Event "BL 1415 SV Mülheim Nord - Werder Breme"]
[Site "?"]
[Date "2014.11.08"]
[Round "3.5"]
[White "Bluebaum, Matthias"]
[Black "Berelowitsch, Alexander"]
[Result "1-0"]
[WhiteElo "2530"]
[BlackElo "2549"]
[PlyCount "99"]
[EventDate "2014.??.??"]

1. d4 d5 2. c4 e6 3. Nc3 c5 4. cxd5 exd5 5. Nf3 Nc6 6. dxc5 d4 7. Na4 Bf5 8. e4
Bxe4 9. Bc4 Bd5 10. Qe2+ Be7 11. O-O Nf6 12. Rd1 Bxf3 13. Qxf3 O-O 14. Bb5 Qa5
15. Bxc6 bxc6 16. b3 Bxc5 17. Bb2 Rad8 18. Qxc6 Bd6 19. Rxd4 Bxh2+ 20. Kxh2
Qe5+ 21. f4 Qe3 22. Qf3 Rxd4 23. Qxe3 Ng4+ 24. Kg1 Nxe3 25. Bxd4 Nc2 26. Bb2
Nxa1 27. Bxa1 Rd8 28. Bc3 f6 29. Kf2 Rd3 30. Be1 g5 31. Ke2 Rd7 32. Bd2 h5 33.
fxg5 fxg5 34. Nc5 Re7+ 35. Kd3 g4 36. Bg5 Rf7 37. Bh4 Kh7 38. Ne6 Kg6 39. Ke4
Rf1 40. Nf4+ Kh6 41. Kf5 Ra1 42. a4 Rb1 43. Be7 Rxb3 44. Bf8+ Kh7 45. Nxh5 Kg8
46. Bc5 a5 47. Kg6 g3 48. Nf6+ Kh8 49. Ng4 Rd3 50. Ne5 1-0

[Event "BL 1415 SV Mülheim Nord - Werder Breme"]
[Site "?"]
[Date "2014.11.08"]
[Round "3.6"]
[White "Hausrath, Daniel"]
[Black "Markgraf, Alexander"]
[Result "0-1"]
[WhiteElo "2515"]
[BlackElo "2486"]
[PlyCount "96"]
[EventDate "2014.??.??"]

1. Nf3 f5 2. g3 g6 3. Bg2 Bg7 4. d4 Nf6 5. O-O O-O 6. c4 d6 7. Nc3 Qe8 8. Nd5
Nxd5 9. cxd5 Nd7 10. Qc2 Nb6 11. Ng5 h6 12. Ne6 Bxe6 13. dxe6 c6 14. e4 fxe4
15. Qxe4 d5 16. Qh4 g5 17. Qg4 Qg6 18. h4 Rf5 19. hxg5 hxg5 20. Bh3 Raf8 21.
Qe2 R5f6 22. Kg2 Nc4 23. b3 Nd6 24. Ba3 Nf5 25. Bxf5 Qxf5 26. Rae1 Rh6 27. Rh1
Rxh1 28. Rxh1 Bxd4 29. f3 Rf6 30. Rh5 Qg6 31. g4 Rxe6 32. Qd2 Be3 33. Qc3 d4
34. Qc4 Kg7 35. Bc5 b5 36. Bxd4+ Kf7 37. Qc5 Bf4 38. Qf5+ Qxf5 39. gxf5 Re2+
40. Kf1 Rxa2 41. Rh6 a5 42. Rxc6 Ra3 43. Ra6 a4 44. bxa4 Rxa4 45. Rxa4 bxa4 46.
Ke2 e6 47. fxe6+ Kxe6 48. Kd3 a3 0-1